00856nam a2200301Ia 4500008004100000020001400041050001100055050001500066100002500081245001800106245006100124245002700185250001900212260001300231260001800244260000900262300001500271300002000286300001000306500005800316650002900374650003100403650003400434650002300468650002300491650002900514700001100543171025s9999 xx 000 0 und d a836134303 a974.81 bD396 1985  aDenlinger, A. Martha aReal people : bAmish and Mennonites in Lancaster County, Pennsylvania / cby A. Marth Denlinger. aThird edition. aCanada : bHerald Press, c1985 a95 pages : billustrations ; c21cm. aIncludes glossary, bibliographic reference and index. aAmish -- Pennsylvania -- aLancaster Country (Pa.) -- aMennonites -- Pennsylvania -- xLancaster Country. xLancaster Country. xSocial life and customs. aTitle.